| 000 | 01245nac a22002891u 4500 | ||
|---|---|---|---|
| 999 |
_c7508 _d7508 |
||
| 003 | EG-ScBUE | ||
| 005 | 20201108122613.0 | ||
| 008 | 110214s1991 su f b 000 0 ara d | ||
| 040 |
_aEG-ScBUE _beng _erda _cEG-ScBUE _dEG-ScBUE |
||
| 082 | 0 | 4 |
_a892.715 _bم ح س _222 |
| 100 | 1 |
_aالمحسن، أحمد عبد الله صالح _eمؤلف. _922225 |
|
| 245 | 1 | 0 |
_aشعر حسين سرحان : _bدراسة نقدية / _cأعدها الطالب أحمد عبد الله صالح المحسن. |
| 264 | 1 |
_aجدة، المملكة العربية السعودية : _bالنادي الأدبي الثقافي، _c1991. |
|
| 300 |
_a497 صفحة : _c24 سم. |
||
| 336 |
_2rdacontent _aنص _btxt |
||
| 337 |
_2rdamedia _aبدون وسيط _bn |
||
| 338 |
_2rdacarrier _aمجلد _bnc |
||
| 490 | 0 |
_aسلسلة اطروحات جامعية ؛ _v1 |
|
| 504 | _aيشتمل على إرجاعات ببليوجرافية وكشافات. | ||
| 600 | 1 | 7 |
_922228 _aسرحان، حسين، _d1914-1993. |
| 650 | 7 |
_aالشعر العربي _xتاريخ ونقد. _2BUEsh _915412 |
|
| 650 | 7 |
_aالشعراء العرب _2BUEsh _914767 |
|
| 651 | _2BUEsh | ||
| 653 |
_bARALIT _cNovember2020 |
||
| 655 |
_vReading book _934232 |
||
| 942 |
_cBB _k811.9 م ح س _2ddc |
||